000 01427nac a22003491u 4500
003 EG-ScBUE
005 20220123094445.0
008 200219s2007 enk f b 001 0 eng d
020 _a9780521862592
020 _a9780521681124 (pbk.)
035 _a(OCoLC)ocn154706388
040 _aEG-ScBUE
_beng
_erda
_cEG-ScBUE
_dEG-ScBUE
082 0 4 _a823.0109
_bHUN
_222
100 1 _aHunter, Adrian,
_eauthor.
245 1 4 _aThe Cambridge introduction to the short story in English /
_cAdrian Hunter.
264 1 _aCambridge :
_bCambridge University Press,
_c2007.
300 _avii, 202 pages ;
_c23 cm
336 _2rdacontent
_atext
_btxt
337 _2rdamedia
_aunmediated
_bn
338 _2rdacarrier
_avolume
_bnc
500 _a Distributer: Bacca
504 _aIncludes bibliographical references and index.
650 7 _aShort stories, English
_xHistory and criticism.
_2BUEsh
650 7 _aShort stories, English
_zEnglish-speaking countries
_xHistory and criticism.
_2BUEsh
651 _2BUEsh
653 _bHHUUEENN
_cJanuary2021
655 _vReading book
_934232
856 4 2 _3Contributor biographical information
_uhttp://www.loc.gov/catdir/enhancements/fy0808/2008296001-b.html
856 4 2 _3Publisher description
_uhttp://www.loc.gov/catdir/enhancements/fy0808/2008296001-d.html
856 4 2 _3Table of contents only
_uhttp://www.loc.gov/catdir/enhancements/fy0808/2008296001-t.html
942 _cBB
_2ddc
999 _c8734
_d8734